[Event "Junior Online 4NCL Division 5"]
[Site "online"]
[Date "2020.05.21"]
[Round "6.165"]
[White "Hoccom, Sebastian"]
[Black "Goldsmith, Henry"]
[Result "1-0"]
[WhiteElo "900"]
[BlackElo "778"]
[PlyCount "135"]
[EventDate "2020.05.21"]
[WhiteTeam "TSK Tigers B"]
[BlackTeam "Rhydypenau Raiders"]

1. e4 e5 2. Nf3 Nc6 3. Nc3 Nf6 4. d4 Bb4 5. dxe5 Ng4 6. Be3 Ngxe5 7. Nxe5 Nxe5
8. Bd4 d6 9. Bxe5 dxe5 10. Qxd8+ Kxd8 11. Rd1+ Bd6 12. Bc4 Be6 13. Bxe6 fxe6
14. O-O Rf8 15. Nb5 Kd7 16. Nxd6 cxd6 17. c4 Rac8 18. b3 Rc5 19. Rc1 d5 20.
exd5 exd5 21. cxd5 Rxd5 22. Rcd1 Rxd1 23. Rxd1+ Kc6 24. h3 Re8 25. Re1 Kd5 26.
Rd1+ Ke4 27. f3+ Ke3 28. Re1+ Kd4 29. Kf2 g6 30. Re4+ Kd5 31. a4 Re6 32. b4 Rf6
33. a5 a6 34. Ke3 h5 35. g3 g5 36. h4 gxh4 37. gxh4 Rf5 38. Ke2 Kd6 39. Re3 Rf4
40. Re4 Rxe4+ 41. fxe4 Ke6 42. Kd3 Kd6 43. Ke3 Ke6 44. Kd3 Kd6 45. Kc4 Kc6 46.
Kc3 Kb5 47. Kb3 b6 48. axb6 Kxb6 49. Ka4 Kb7 50. b5 axb5+ 51. Kxb5 Kc7 52. Kc5
Kd7 53. Kd5 Ke7 54. Kxe5 Kf7 55. Kf5 Kg7 56. Ke6 Kg6 57. Kd6 Kf6 58. e5+ Kf7
59. Kd7 Kf8 60. e6 Kg8 61. e7 Kg7 62. e8=Q Kf6 63. Qe6+ Kg7 64. Ke7 Kh7 65. Kf6
Kh6 66. Qe3+ Kh7 67. Qg5 Kh8 68. Qg7# 1-0

[Event "Junior Online 4NCL Division 5"]
[Site "online"]
[Date "2020.05.21"]
[Round "6.166"]
[White "Morgan, Emyr"]
[Black "Lewis, Evan"]
[Result "0-1"]
[WhiteElo "757"]
[BlackElo "916"]
[PlyCount "120"]
[EventDate "2020.05.21"]
[WhiteTeam "Rhydypenau Raiders"]
[BlackTeam "TSK Tigers B"]

1. e4 e5 2. Nf3 Nc6 3. Nc3 Bb4 4. a3 Ba5 5. b4 Bb6 6. Nd5 Bd4 7. Nxd4 Nxd4 8.
Bc4 Nf6 9. Nxf6+ Qxf6 10. c3 Nc6 11. O-O O-O 12. b5 Na5 13. a4 Nxc4 14. d3 Nb6
15. Ba3 Re8 16. a5 d6 17. axb6 axb6 18. Bb4 Rxa1 19. Qxa1 c5 20. Ba3 Be6 21. d4
Ra8 22. dxe5 Qxe5 23. f4 Qxe4 24. Qc1 Bc4 25. Re1 Qg6 26. Qe3 h6 27. Bc1 Bd5
28. Re2 Ra1 29. g3 Qh5 30. Qe8+ Kh7 31. Qe3 Rxc1+ 32. Qxc1 Qxe2 33. Qf1 Qxf1+
34. Kxf1 Kg6 35. h4 Kf5 36. Kf2 Ke4 37. h5 Kd3 38. c4 Kxc4 39. g4 Kxb5 40. g5
hxg5 41. fxg5 Be4 42. h6 gxh6 43. gxh6 c4 44. Ke1 d5 45. Kd1 d4 46. h7 Bxh7 47.
Kd2 f5 48. Ke1 f4 49. Kd1 f3 50. Ke1 c3 51. Kd1 f2 52. Ke2 c2 53. Kxf2 c1=Q 54.
Kf3 Kc5 55. Kg3 Kd5 56. Kg4 Ke4 57. Kg3 Qf1 58. Kh4 Qg1 59. Kh5 Kf5 60. Kh4
Qg4# 0-1

[Event "Junior Online 4NCL Division 5"]
[Site "online"]
[Date "2020.05.21"]
[Round "6.167"]
[White "Choung, Ava Grace"]
[Black "Greenman, Max"]
[Result "0-1"]
[WhiteElo "921"]
[BlackElo "561"]
[PlyCount "100"]
[EventDate "2020.05.21"]
[WhiteTeam "TSK Tigers B"]
[BlackTeam "Rhydypenau Raiders"]

1. e4 e5 2. Nf3 Nc6 3. Nc3 Nf6 4. d4 d6 5. d5 Ne7 6. Bg5 Nfg8 7. Bb5+ Bd7 8.
Bxd7+ Qxd7 9. Bxe7 Bxe7 10. O-O c6 11. dxc6 Qxc6 12. Qd2 Nf6 13. Rfe1 Kf8 14.
Rad1 Rd8 15. Nxe5 dxe5 16. Qxd8+ Bxd8 17. Rxd8+ Ne8 18. Red1 Qb6 19. Na4 Qf6
20. Nc5 Qe7 21. Nd7+ Kg8 22. Nf6+ gxf6 23. R1d7 Qxd8 24. Rxd8 Kg7 25. h4 h5 26.
g4 hxg4 27. Rd1 Rxh4 28. Kg2 g3 29. fxg3 Rxe4 30. Kf3 Rd4 31. Rxd4 exd4 32. Kf2
Kg6 33. c3 d3 34. Ke3 Kg5 35. Kxd3 Kg4 36. b4 Kxg3 37. a4 f5 38. a5 f4 39. b5
f3 40. Kc4 f2 41. Kc5 f1=Q 42. b6 Qf5+ 43. Kd4 Kf4 44. bxa7 Qe5+ 45. Kc4 Qxa5
46. Kd4 Qxa7+ 47. Kd5 Nf6+ 48. Kd6 Qb6+ 49. Ke7 Qe6+ 50. Kd8 Qd7# 0-1

[Event "Junior Online 4NCL Division 5"]
[Site "online"]
[Date "2020.05.21"]
[Round "6.168"]
[White "Kong, Emma"]
[Black "Osborne, Finn"]
[Result "1-0"]
[WhiteElo "599"]
[BlackElo "742"]
[PlyCount "135"]
[EventDate "2020.05.21"]
[WhiteTeam "Rhydypenau Raiders"]
[BlackTeam "TSK Tigers B"]

1. e4 e5 2. Nf3 Nc6 3. Nc3 Bc5 4. Bc4 Qf6 5. Nd5 Qd6 6. d3 Nf6 7. Bg5 Nxd5 8.
exd5 Nb4 9. Qd2 Na6 10. O-O-O Nb4 11. d4 Nxa2+ 12. Bxa2 Bb4 13. Qe2 O-O 14.
Nxe5 Qa6 15. Qxa6 bxa6 16. c3 Bd6 17. Nc4 f6 18. Nxd6 cxd6 19. Bf4 Rb8 20. Bxd6
Rb5 21. Bxf8 Kxf8 22. Bc4 Ra5 23. d6 Ra4 24. b3 Ra2 25. Rhe1 a5 26. Kb1 Rxf2
27. Bd5 Rxg2 28. Bxg2 Ba6 29. Re3 g6 30. Rde1 Kg7 31. Re7+ Kh6 32. R1e3 g5 33.
Rh3+ Kg6 34. Be4+ f5 35. Bxf5+ Kxf5 36. Rf3+ Kg4 37. Rf8 Bd3+ 38. Kb2 Kh5 39.
Rxh7+ Bxh7 40. Rh8 Kh6 41. c4 Kg7 42. Rd8 Bf5 43. c5 Kg6 44. c6 dxc6 45. Rg8+
Kf6 46. Rf8+ Ke6 47. Kc3 Bh3 48. Rd8 g4 49. d7 Kd6 50. Kd3 Bf1+ 51. Ke3 g3 52.
hxg3 Bh3 53. Kf4 c5 54. dxc5+ Kxc5 55. g4 Kb4 56. g5 Kxb3 57. g6 Bxd7 58. Rxd7
a4 59. Rxa7 a3 60. g7 a2 61. g8=Q+ Kb2 62. Qb8+ Ka1 63. Qe5+ Kb1 64. Qe1+ Kb2
65. Qb4+ Ka1 66. Qc5 Kb1 67. Rb7+ Ka1 68. Qc1# 1-0

[Event "Junior Online 4NCL Division 5"]
[Site "online"]
[Date "2020.05.21"]
[Round "6.171"]
[White "Rajesh, Shradha"]
[Black "Burke, Alexander"]
[Result "1/2-1/2"]
[WhiteElo "1240"]
[BlackElo "1300"]
[PlyCount "83"]
[EventDate "2020.05.21"]
[WhiteTeam "Harrow Juniors E"]
[BlackTeam "Manchester Juniors B"]

1. c4 e5 2. Nc3 Bb4 3. d3 Nf6 4. Bd2 Bxc3 5. Bxc3 d5 6. Bxe5 Nc6 7. Bc3 dxc4 8.
dxc4 Bd7 9. Nf3 O-O 10. e3 a6 11. Bd3 Bg4 12. Be2 Qe7 13. O-O Bxf3 14. Bxf3 Ne4
15. Bxe4 Qxe4 16. Qe2 Ne5 17. Bxe5 Qxe5 18. b3 c6 19. Rad1 b5 20. cxb5 cxb5 21.
Rc1 a5 22. Rfd1 a4 23. bxa4 Rxa4 24. Rb1 Qe6 25. Rd2 b4 26. h3 Rfa8 27. Rbb2 h6
28. Kh1 Qe5 29. g3 Qe4+ 30. Kh2 Ra3 31. Rd4 Qe7 32. Qd2 Qe6 33. Rdxb4 Rxa2 34.
Rb8+ Kh7 35. Rxa8 Rxa8 36. Qd3+ g6 37. Qe2 Qf6 38. Rb4 Rg8 39. Rf4 Qe7 40. Qc4
Rg7 41. Kg2 Qb7+ 42. Kh2 1/2-1/2

[Event "Junior Online 4NCL Division 5"]
[Site "online"]
[Date "2020.05.21"]
[Round "6.172"]
[White "Eccleston, Rowan"]
[Black "Cann, Arthur"]
[Result "1-0"]
[WhiteElo "1217"]
[BlackElo "1240"]
[PlyCount "141"]
[EventDate "2020.05.21"]
[WhiteTeam "Manchester Juniors B"]
[BlackTeam "Harrow Juniors E"]

1. f4 d5 2. Nf3 Nc6 3. e3 d4 4. Bb5 dxe3 5. Bxc6+ bxc6 6. dxe3 e6 7. Qxd8+ Kxd8
8. O-O h5 9. Ng5 Ke8 10. Nc3 f6 11. Nf3 h4 12. h3 g5 13. fxg5 fxg5 14. Nxg5 Rh5
15. e4 e5 16. Nf3 Ba6 17. Re1 Bd3 18. Bd2 Bxc2 19. Rac1 Bc5+ 20. Be3 Bxe3+ 21.
Rxe3 Bxe4 22. Rxe4 Nf6 23. Rxe5+ Rxe5 24. Nxe5 Nd5 25. Nxd5 cxd5 26. Re1 Kf8
27. Nd7+ Kf7 28. Ne5+ Kf8 29. Ng6+ Kf7 30. Nxh4 c5 31. Rd1 d4 32. Nf3 Rb8 33.
b3 a5 34. Rc1 Rc8 35. Rf1 c4 36. Nxd4+ Ke7 37. bxc4 Rxc4 38. Nf5+ Ke6 39. Ng7+
Ke5 40. Nh5 a4 41. Ng3 a3 42. Ne2 Rc2 43. Re1 Kd5 44. Rd1+ Ke4 45. Re1 Kd3 46.
Nf4+ Kd2 47. Re2+ Kc1 48. Rxc2+ Kxc2 49. Nd5 Kb2 50. Nb4 Kc3 51. Nd5+ Kb2 52.
Ne3 Kxa2 53. Nc2 Kb3 54. Nxa3 Ka2 55. h4 Kxa3 56. h5 Kb2 57. h6 Kc2 58. h7 Kd2
59. h8=Q Ke2 60. Qf8 Ke3 61. g4 Ke4 62. g5 Ke5 63. g6 Ke6 64. g7 Ke5 65. g8=Q
Kd4 66. Qgg7+ Kd5 67. Qge7 Kd4 68. Qfd8+ Kc4 69. Qec7+ Kb5 70. Qdb8+ Ka6 71.
Qca7# 1-0

[Event "Junior Online 4NCL Division 5"]
[Site "online"]
[Date "2020.05.21"]
[Round "6.173"]
[White "Pipalia, Rishi"]
[Black "Casserly, Darcy"]
[Result "1-0"]
[WhiteElo "1105"]
[BlackElo "1075"]
[PlyCount "89"]
[EventDate "2020.05.21"]
[WhiteTeam "Harrow Juniors E"]
[BlackTeam "Manchester Juniors B"]

1. e4 e5 2. Bc4 Nf6 3. Nf3 Nxe4 4. Nxe5 Qe7 5. d3 Qxe5 6. dxe4 Qxe4+ 7. Qe2 Qe7
8. Nc3 g6 9. Nd5 Qxe2+ 10. Bxe2 Nc6 11. Nxc7+ Kd8 12. Nxa8 d5 13. Bf4 Nd4 14.
Be5 Nxc2+ 15. Kd2 Nxa1 16. Bxh8 Bb4+ 17. Bc3 Bd6 18. Rxa1 b5 19. Bxb5 Bb7 20.
Rc1 Bxa8 21. Bf6+ Be7 22. Bxe7+ Kxe7 23. Rc7+ Kd6 24. Rxa7 Bc6 25. Ra6 Kc7 26.
Rxc6+ Kb7 27. Rf6 h5 28. Rxf7+ Kb6 29. Bd3 g5 30. Rf6+ Kc5 31. Rg6 g4 32. Rh6
d4 33. Rxh5+ Kb4 34. Rh4 g3 35. fxg3 Kc5 36. g4 Kd6 37. g5 Ke6 38. Rf4 Ke7 39.
g6 Ke8 40. g7 Ke7 41. g8=Q Kd6 42. Qg5 Kc7 43. Rf6 Kb7 44. Qg7+ Kc8 45. Rf8#
1-0

[Event "Junior Online 4NCL Division 5"]
[Site "online"]
[Date "2020.05.21"]
[Round "6.174"]
[White "Sheehy, Lewis"]
[Black "Evans, Joseph"]
[Result "1-0"]
[WhiteElo "1037"]
[BlackElo "1007"]
[PlyCount "39"]
[EventDate "2020.05.21"]
[WhiteTeam "Manchester Juniors B"]
[BlackTeam "Harrow Juniors E"]

1. e4 c5 2. c3 Nc6 3. d4 cxd4 4. cxd4 Nf6 5. Nc3 Qa5 6. Bd3 Nxd4 7. e5 Nd5 8.
Bd2 Nxc3 9. Bxc3 Qxe5+ 10. Ne2 Nf3+ 11. gxf3 Qg5 12. Rg1 Qh5 13. Bxg7 Bxg7 14.
Rxg7 Qh6 15. Rg2 Qh3 16. Nf4 Qh6 17. Qd2 d6 18. O-O-O e5 19. Nd5 Qe6 20. Nc7+
1-0

[Event "Junior Online 4NCL Division 5"]
[Site "online"]
[Date "2020.05.21"]
[Round "6.175"]
[White "Burke, Alexander"]
[Black "Rajesh, Shradha"]
[Result "0-1"]
[WhiteElo "1300"]
[BlackElo "1240"]
[PlyCount "120"]
[EventDate "2020.05.21"]
[WhiteTeam "Manchester Juniors B"]
[BlackTeam "Harrow Juniors E"]

1. d4 d5 2. e3 Nf6 3. c4 c6 4. c5 e6 5. Nf3 Be7 6. Nbd2 Nbd7 7. b4 b6 8. Bb2 a5
9. Bc3 axb4 10. Bxb4 bxc5 11. dxc5 Bxc5 12. Bxc5 Nxc5 13. Ne5 Qd6 14. Nef3 Bd7
15. g3 Rb8 16. Bg2 Nd3+ 17. Kf1 O-O 18. Bh3 Rfc8 19. Kg2 c5 20. Qc2 Nb4 21. Qc3
c4 22. a3 Na6 23. Rhb1 Nc5 24. Rxb8 Rxb8 25. Kg1 Nce4 26. Nxe4 Nxe4 27. Qc2 h6
28. a4 g5 29. Bg2 Nf6 30. a5 Qa6 31. Ne5 Be8 32. Qc3 Nd7 33. Nxd7 Bxd7 34. e4
dxe4 35. Bxe4 Bb5 36. Bg2 Rc8 37. h4 gxh4 38. gxh4 Qd6 39. Bb7 Rc7 40. Bg2 Ra7
41. Qe3 Rd7 42. Qc3 Qf4 43. Qc2 Qxh4 44. a6 Ra7 45. Bb7 Qg4+ 46. Kf1 Qh3+ 47.
Kg1 Qg4+ 48. Bg2 Rxa6 49. Rxa6 Bxa6 50. Qa4 Bb7 51. Qe8+ Kg7 52. Kf1 Bxg2+ 53.
Ke1 Qe4+ 54. Kd1 Bf3+ 55. Kc1 Qe1+ 56. Kb2 Qb4+ 57. Kc2 Be4+ 58. Kd1 Qb3+ 59.
Ke2 Qd3+ 60. Ke1 Bf3 0-1

[Event "Junior Online 4NCL Division 5"]
[Site "online"]
[Date "2020.05.21"]
[Round "6.177"]
[White "Casserly, Darcy"]
[Black "Pipalia, Rishi"]
[Result "0-1"]
[WhiteElo "1075"]
[BlackElo "1105"]
[PlyCount "46"]
[EventDate "2020.05.21"]
[WhiteTeam "Manchester Juniors B"]
[BlackTeam "Harrow Juniors E"]

1. e4 e5 2. Nf3 Nc6 3. Bc4 Bc5 4. d3 Nf6 5. Nc3 d6 6. h3 Be6 7. Bg5 Bxc4 8.
dxc4 h6 9. Bh4 g5 10. Bg3 Qd7 11. O-O O-O-O 12. h4 g4 13. Nd2 Nh5 14. Bh2 g3
15. Bxg3 Nxg3 16. Na4 Nxf1 17. Nxc5 dxc5 18. Qxf1 Qxd2 19. g4 Rhg8 20. f3 Nb4
21. c3 Nc2 22. Rb1 Ne3 23. Qe1 Qg2# 0-1

[Event "Junior Online 4NCL Division 5"]
[Site "online"]
[Date "2020.05.21"]
[Round "6.178"]
[White "Evans, Joseph"]
[Black "Sheehy, Lewis"]
[Result "1-0"]
[WhiteElo "1007"]
[BlackElo "1037"]
[PlyCount "47"]
[EventDate "2020.05.21"]
[WhiteTeam "Harrow Juniors E"]
[BlackTeam "Manchester Juniors B"]

1. c4 e5 2. g3 c6 3. Bg2 d5 4. cxd5 cxd5 5. e3 Nf6 6. Ne2 Bg4 7. O-O Qb6 8. Re1
Bc5 9. Nbc3 Qd6 10. Qa4+ Nc6 11. Nxd5 Bxe2 12. Nxf6+ Qxf6 13. Rxe2 O-O 14. b3
e4 15. Rb1 Rfe8 16. Bb2 Qf5 17. Rc1 Rac8 18. Rc4 a6 19. Rxe4 Rxe4 20. Bxe4 Qg4
21. Re1 Ne5 22. Bxe5 b5 23. Bxh7+ Kxh7 24. Qxg4 1-0

[Event "Junior Online 4NCL Division 5"]
[Site "online"]
[Date "2020.05.21"]
[Round "6.181"]
[White "Kapoor, Devansh"]
[Black "Antonopoulos, Chris"]
[Result "0-1"]
[WhiteElo "1067"]
[BlackElo "1307"]
[PlyCount "66"]
[EventDate "2020.05.21"]
[WhiteTeam "Uxbridge Juniors B1"]
[BlackTeam "Brentwood 2"]

1. e4 c6 2. Bc4 d5 3. exd5 cxd5 4. Bb5+ Bd7 5. Bxd7+ Nxd7 6. Nc3 e6 7. d4 Ngf6
8. Nf3 Be7 9. Bg5 h6 10. Bh4 O-O 11. O-O Nh7 12. h3 Bxh4 13. Nxh4 Qxh4 14. Re1
Ng5 15. Ne2 Ne4 16. Rf1 Ndf6 17. g3 Qxh3 18. Nf4 Qf5 19. Ng2 Rac8 20. Nh4 Qh3
21. Qf3 Ng4 22. Qg2 Qxg2+ 23. Nxg2 Rxc2 24. Rfc1 Rxf2 25. Rc7 Rxb2 26. a4 Nxg3
27. a5 Ne2+ 28. Kf1 Nxd4 29. a6 bxa6 30. Rxa7 Rf2+ 31. Kg1 Ne2+ 32. Kh1 Rc8 33.
Ne1 Rh2# 0-1

[Event "Junior Online 4NCL Division 5"]
[Site "online"]
[Date "2020.05.21"]
[Round "6.182"]
[White "Omoruyi, Jaden"]
[Black "Chockalingam, Ramcharan"]
[Result "1-0"]
[WhiteElo "1217"]
[BlackElo "1045"]
[PlyCount "147"]
[EventDate "2020.05.21"]
[WhiteTeam "Brentwood 2"]
[BlackTeam "Uxbridge Juniors B1"]

1. d4 d5 2. c4 e6 3. Nc3 Nf6 4. Bf4 Nc6 5. c5 g6 6. Nb5 e5 7. Bxe5 Nxe5 8. dxe5
Bxc5 9. exf6 Qxf6 10. Nf3 c6 11. Nc3 O-O 12. e3 Bg4 13. Be2 Rfe8 14. O-O Rad8
15. h3 Bxf3 16. Bxf3 d4 17. exd4 Bxd4 18. Qc2 Bxc3 19. Qxc3 Qd6 20. Rfb1 Qd2
21. Qxd2 Rxd2 22. Re1 Red8 23. Rad1 R8d3 24. Rxd2 Rxd2 25. Rb1 a5 26. Bg4 Kg7
27. Bc8 b5 28. Bb7 Rc2 29. Kh2 Kf6 30. Rd1 Rxb2 31. Rd6+ Kg7 32. Bxc6 Rxa2 33.
Bxb5 a4 34. f3 a3 35. Ra6 h6 36. Ra7 Kf6 37. Bc4 Ra1 38. Rxf7+ Kg5 39. Ra7 a2
40. Rxa2 Rxa2 41. Bxa2 Kh5 42. g4+ Kg5 43. Bf7 Kf6 44. Be8 g5 45. h4 Ke7 46.
hxg5 hxg5 47. Bh5 Kf6 48. Kg3 Kg7 49. Kf2 Kh6 50. Ke3 Kg7 51. Ke4 Kf6 52. Be8
Ke6 53. Bd7+ Kxd7 54. Kf5 Ke7 55. Kxg5 Kf7 56. Kh5 Kf6 57. f4 Kg7 58. g5 Kf7
59. f5 Kg7 60. f6+ Kf7 61. Kh6 Kf8 62. g6 Kg8 63. g7 Kf7 64. Kh7 Kxf6 65. g8=Q
Kf5 66. Qe8 Kf6 67. Kg8 Kf5 68. Qa4 Kg6 69. Qa5 Kf6 70. Kh7 Kf7 71. Qa6 Ke7 72.
Kg6 Kf8 73. Qa7 Kg8 74. Qg7# 1-0

[Event "Junior Online 4NCL Division 5"]
[Site "online"]
[Date "2020.05.21"]
[Round "6.185"]
[White "Antonopoulos, Chris"]
[Black "Kapoor, Devansh"]
[Result "1-0"]
[WhiteElo "1307"]
[BlackElo "1067"]
[PlyCount "43"]
[EventDate "2020.05.21"]
[WhiteTeam "Brentwood 2"]
[BlackTeam "Uxbridge Juniors B1"]

1. e4 e6 2. d4 c5 3. c3 Nc6 4. Nf3 Nf6 5. Bd3 d5 6. e5 Ng4 7. O-O Be7 8. h3 Nh6
9. Bxh6 gxh6 10. Qd2 Bg5 11. Nxg5 hxg5 12. Qe2 cxd4 13. Qf3 dxc3 14. Nxc3 Nxe5
15. Qe3 d4 16. Qxe5 dxc3 17. Qxh8+ Ke7 18. Qxd8+ Kxd8 19. bxc3 b6 20. Bxh7 Ba6
21. Rfd1+ Ke8 22. Be4 1-0

[Event "Junior Online 4NCL Division 5"]
[Site "online"]
[Date "2020.05.21"]
[Round "6.186"]
[White "Chockalingam, Ramcharan"]
[Black "Omoruyi, Jaden"]
[Result "0-1"]
[WhiteElo "1045"]
[BlackElo "1217"]
[PlyCount "48"]
[EventDate "2020.05.21"]
[WhiteTeam "Uxbridge Juniors B1"]
[BlackTeam "Brentwood 2"]

1. e4 e5 2. Nf3 Nf6 3. Nc3 Nc6 4. Bc4 Bc5 5. d3 O-O 6. Bg5 h6 7. Bxf6 Qxf6 8.
Nd5 Qd8 9. O-O a6 10. c3 b5 11. Bb3 Ne7 12. Nxe5 Nxd5 13. Bxd5 Rb8 14. Nxf7
Rxf7 15. Bxf7+ Kxf7 16. d4 Ba7 17. Re1 Bb7 18. Qf3+ Ke8 19. Qh5+ Kf8 20. Re3
Qg5 21. Qg4 Qxg4 22. Rf3+ Ke8 23. Re1 c5 24. dxc5 Bxc5 0-1

[Event "Junior Online 4NCL Division 5"]
[Site "online"]
[Date "2020.05.21"]
[Round "6.188"]
[White "Zyakhor, Cornelius"]
[Black "Measday, Austin"]
[Result "1-0"]
[WhiteElo "850"]
[BlackElo "925"]
[PlyCount "25"]
[EventDate "2020.05.21"]
[WhiteTeam "Uxbridge Juniors B1"]
[BlackTeam "Brentwood 2"]

1. e4 e5 2. Nf3 g5 3. Nxe5 g4 4. Qxg4 Nh6 5. Qh5 Bb4 6. Bc4 O-O 7. c3 Bd6 8. d4
Bxe5 9. Bxh6 Bf4 10. Qf5 Nc6 11. Qxf4 Re8 12. Qxf7+ Kh8 13. Bg7# 1-0

[Event "Junior Online 4NCL Division 5"]
[Site "online"]
[Date "2020.05.21"]
[Round "6.191"]
[White "Hurst, Kate"]
[Black "Bradley, Adam"]
[Result "1-0"]
[WhiteElo "1427"]
[BlackElo "1075"]
[PlyCount "59"]
[EventDate "2020.05.21"]
[WhiteTeam "Maid Marians 2"]
[BlackTeam "Robin Hoods 6"]

1. e4 e5 2. Nf3 Nc6 3. Nc3 Bc5 4. Nxe5 Nxe5 5. d4 Bxd4 6. Qxd4 Nc6 7. Qd1 Nf6
8. Bd3 d6 9. Bg5 h6 10. Bh4 Ne5 11. O-O Be6 12. f3 c5 13. Bb5+ Bd7 14. Bxd7+
Qxd7 15. Bxf6 gxf6 16. Nd5 Qe6 17. Nc7+ Ke7 18. Nxe6 Kxe6 19. Qd5+ Kd7 20. Rad1
Rac8 21. Qxd6+ Ke8 22. f4 Rd8 23. Qxc5 Nd7 24. Qe3 Rg8 25. Rd2 Nb6 26. Rxd8+
Kxd8 27. Rd1+ Ke8 28. Qd4 Kf8 29. Qxf6 Rg6 30. Rd8# 1-0

[Event "Junior Online 4NCL Division 5"]
[Site "online"]
[Date "2020.05.21"]
[Round "6.192"]
[White "Brown, William"]
[Black "Pannu, Mya"]
[Result "0-1"]
[WhiteElo "917"]
[BlackElo "1232"]
[PlyCount "52"]
[EventDate "2020.05.21"]
[WhiteTeam "Robin Hoods 6"]
[BlackTeam "Maid Marians 2"]

1. e4 e5 2. Bc4 Nc6 3. Qh5 g6 4. Qg4 Nf6 5. Qf3 Bg7 6. d3 d6 7. Bg5 Bg4 8. Qg3
Qd7 9. Nf3 Bxf3 10. Qxf3 Nd4 11. Qe3 Nxc2+ 12. Kd1 Nxe3+ 13. Kd2 Nxc4+ 14. Kc3
Na5 15. Kb4 b6 16. Nc3 c5+ 17. Ka3 Qb5 18. Nxb5 Ng4 19. Nc7+ Kd7 20. Nxa8 Rxa8
21. f3 Nf2 22. Rhf1 Nxd3 23. Rad1 Nb4 24. Rd2 Nc4+ 25. Kb3 Nxd2+ 26. Kc3 Nxf1
0-1

[Event "Junior Online 4NCL Division 5"]
[Site "online"]
[Date "2020.05.21"]
[Round "6.193"]
[White "Hariharan, Shambavi"]
[Black "Clay, Jonathan"]
[Result "1-0"]
[WhiteElo "1060"]
[BlackElo "887"]
[PlyCount "43"]
[EventDate "2020.05.21"]
[WhiteTeam "Maid Marians 2"]
[BlackTeam "Robin Hoods 6"]

1. d4 d5 2. Bf4 Nc6 3. Nf3 Bf5 4. e3 e6 5. c4 dxc4 6. Bxc4 Na5 7. Bb3 Bxb1 8.
Rxb1 Bb4+ 9. Nd2 Bxd2+ 10. Qxd2 Nc6 11. O-O Nf6 12. f3 Kf8 13. Rfe1 e5 14. Bg5
exd4 15. exd4 Nxd4 16. Bxf6 Qxf6 17. Qb4+ Kg8 18. Re3 Nxb3 19. axb3 Qg5 20.
Rbe1 Rd8 21. Re8+ Rxe8 22. Rxe8# 1-0

[Event "Junior Online 4NCL Division 5"]
[Site "online"]
[Date "2020.05.21"]
[Round "6.195"]
[White "Bradley, Adam"]
[Black "Hurst, Kate"]
[Result "0-1"]
[WhiteElo "1075"]
[BlackElo "1427"]
[PlyCount "64"]
[EventDate "2020.05.21"]
[WhiteTeam "Robin Hoods 6"]
[BlackTeam "Maid Marians 2"]

1. e4 d5 2. exd5 Qxd5 3. Nf3 Nf6 4. d4 Nc6 5. Bf4 Qd8 6. Nc3 a6 7. d5 Nb4 8. a3
Nbxd5 9. Qd4 Nxf4 10. Qxf4 e6 11. Bd3 Bd6 12. Qd4 Bd7 13. Rd1 Bc6 14. O-O Bxf3
15. gxf3 Bxh2+ 16. Kxh2 Qxd4 17. Bb5+ Qd7 18. Bxd7+ Nxd7 19. Ne4 O-O-O 20. Rd4
e5 21. Rd5 f6 22. Rfd1 Rhf8 23. c4 Nb6 24. R5d2 Nxc4 25. Nc3 Nxd2 26. Rxd2 Rxd2
27. Ne4 g5 28. Nxd2 Rg8 29. Ne4 Rf8 30. b4 f5 31. Nxg5 h6 32. Nh7 Rf7 0-1

[Event "Junior Online 4NCL Division 5"]
[Site "online"]
[Date "2020.05.21"]
[Round "6.196"]
[White "Pannu, Mya"]
[Black "Brown, William"]
[Result "1-0"]
[WhiteElo "1232"]
[BlackElo "917"]
[PlyCount "39"]
[EventDate "2020.05.21"]
[WhiteTeam "Maid Marians 2"]
[BlackTeam "Robin Hoods 6"]

1. d4 e6 2. Nf3 Qg5 3. Bxg5 Be7 4. Bxe7 Kxe7 5. Ne5 d6 6. Ng4 e5 7. dxe5 dxe5
8. Nxe5 Ke6 9. Qd4 f6 10. Ng4 c5 11. Qe4+ Kf7 12. e3 b6 13. Bc4+ Kf8 14. Qxa8
Na6 15. Qxc8+ Ke7 16. Qe6+ Kd8 17. Nc3 Nb4 18. Rd1+ Kc7 19. Rd7+ Kc8 20. Qe8#
1-0

[Event "Junior Online 4NCL Division 5"]
[Site "online"]
[Date "2020.05.21"]
[Round "6.197"]
[White "Clay, Jonathan"]
[Black "Hariharan, Shambavi"]
[Result "0-1"]
[WhiteElo "887"]
[BlackElo "1060"]
[PlyCount "24"]
[EventDate "2020.05.21"]
[WhiteTeam "Robin Hoods 6"]
[BlackTeam "Maid Marians 2"]

1. e4 c6 2. d4 d5 3. exd5 cxd5 4. Nc3 Nf6 5. Nf3 Nc6 6. Bb5 Bf5 7. Bf4 e6 8.
O-O Bd6 9. Bxd6 Qxd6 10. Ng5 Ng4 11. Bxc6+ bxc6 12. f3 Qxh2# 0-1

[Event "Junior Online 4NCL Division 5"]
[Site "online"]
[Date "2020.05.21"]
[Round "6.201"]
[White "Parizad, Anjal"]
[Black "Shen, Alex"]
[Result "0-1"]
[WhiteElo "1000"]
[BlackElo "1277"]
[PlyCount "164"]
[EventDate "2020.05.21"]
[WhiteTeam "Leicestershire Juniors 4"]
[BlackTeam "Leicestershire Juniors 3"]

1. e4 e5 2. Nf3 Nc6 3. Nc3 Bc5 4. d3 d6 5. Be3 Bb6 6. Be2 Bg4 7. d4 exd4 8.
Nxd4 Bxd4 9. O-O Bxc3 10. Bxg4 Bxb2 11. Rb1 Nf6 12. Qf3 Nxg4 13. Qxg4 Be5 14.
Bg5 Ne7 15. Rxb7 O-O 16. Rbb1 Re8 17. c4 Rb8 18. Rbd1 Rb2 19. Qh5 Rxa2 20. Qf3
Ra4 21. Rc1 h6 22. Bh4 Qd7 23. c5 dxc5 24. Rxc5 Qd6 25. Rc2 Bxh2+ 26. Kh1 Ng6
27. Bg3 Bxg3 28. fxg3 Rexe4 29. Qxf7+ Kh7 30. Rcf2 Qxg3 31. Rf6 Rh4+ 32. Kg1
Qe3+ 33. R6f2 Rag4 34. Rd1 Rc4 35. g3 Qxg3+ 36. Rg2 Qe3+ 37. Qf2 Qxf2+ 38. Rxf2
Rcg4+ 39. Kf1 a5 40. Rd7 Rh1+ 41. Ke2 a4 42. Rff7 Nf4+ 43. Kf3 Rhg1 44. Rxc7 a3
45. Kf2 a2 46. Kf3 a1=Q 47. Rxf4 Qa3+ 48. Ke4 Rxf4+ 49. Kxf4 Qb4+ 50. Ke5 Qa5+
51. Kd6 Rg6+ 52. Kd7 Qd5+ 53. Kc8 h5 54. Rc2 h4 55. Kc7 h3 56. Kc8 Qe5 57. Kd7
h2 58. Rc1 Rg1 59. Rc6 h1=Q 60. Re6 Qxe6+ 61. Kxe6 g5 62. Kf6 g4 63. Kf5 Rf1+
64. Kxg4 Re1 65. Kg5 Rd1 66. Kf6 Re1 67. Kf5 Re2 68. Kf4 Re3 69. Kxe3 Qh4 70.
Kf3 Kh6 71. Ke3 Qg4 72. Kd3 Qf4 73. Ke2 Qg3 74. Kd2 Qf3 75. Ke1 Qg2 76. Kd1 Kg5
77. Ke1 Kf4 78. Kd1 Ke3 79. Kc1 Qd2+ 80. Kb1 Kd3 81. Ka1 Kc3 82. Kb1 Qb2# 0-1

[Event "Junior Online 4NCL Division 5"]
[Site "online"]
[Date "2020.05.21"]
[Round "6.202"]
[White "Rahimifard, Cyrus"]
[Black "Miles, Jacob"]
[Result "1/2-1/2"]
[WhiteElo "1165"]
[BlackElo "1022"]
[PlyCount "160"]
[EventDate "2020.05.21"]
[WhiteTeam "Leicestershire Juniors 3"]
[BlackTeam "Leicestershire Juniors 4"]

1. e4 e5 2. Bc4 Bc5 3. Nf3 Nc6 4. Nc3 Nf6 5. O-O O-O 6. d3 d6 7. h3 h6 8. Qe2
Qd7 9. Be3 a6 10. Bxc5 dxc5 11. Nd5 b5 12. Nxf6+ Kh8 13. Nxd7 Bxd7 14. Bxb5
axb5 15. Rad1 Nb4 16. Nxe5 Be6 17. c3 Nxa2 18. d4 cxd4 19. cxd4 Rac8 20. Ra1
Nb4 21. Qxb5 Nc2 22. Ra7 f6 23. d5 Bg8 24. Nd7 Rfe8 25. Qd3 Red8 26. Nc5 Nb4
27. Qb3 Nxd5 28. Rd1 Nf4 29. g3 Bxb3 30. gxf4 Rxd1+ 31. Kg2 c6 32. Nxb3 Rcd8
33. Nc5 R8d2 34. e5 fxe5 35. fxe5 Re1 36. Re7 Rdd1 37. b4 Rg1+ 38. Kf3 Rc1 39.
Nd7 Rc3+ 40. Ke4 Rc4+ 41. Kf5 Rg5+ 42. Ke6 Rg6+ 43. Kf7 Rg5 44. f4 Rf5+ 45. Ke6
Rfxf4 46. Kd6 Rcd4+ 47. Kxc6 Rf3 48. b5 Rc3+ 49. Kb7 Rb4 50. b6 Rbc4 51. Ka7
Rc7+ 52. b7 Rb3 53. Ka6 Rbxb7 54. e6 Ra7+ 55. Kb6 Rab7+ 56. Ka6 Rb4 57. Nb6
Rxe7 58. Nd7 Rxe6+ 59. Ka7 Ra6+ 60. Kxa6 g5 61. Ne5 Re4 62. Nf3 Rf4 63. Ne5 Rf5
64. Ng4 h5 65. Nh2 Rf6+ 66. Kb5 Rf2 67. Ng4 hxg4 68. hxg4 Rf4 69. Kc5 Rxg4 70.
Kd5 Rf4 71. Ke5 Rd4 72. Kxd4 g4 73. Ke3 Kh7 74. Kf2 Kh6 75. Kg3 Kg5 76. Kf2 Kh4
77. Kg2 g3 78. Kg1 Kh3 79. Kh1 g2+ 80. Kg1 Kg3 1/2-1/2